| 000 | 00639nam a22002417a 4500 | ||
|---|---|---|---|
| 001 | 26981 | ||
| 003 | UA-OsUOA | ||
| 005 | 20230307224930.0 | ||
| 007 | ta | ||
| 008 | 20040614b un ||||| |||| 00| 0 ukr d | ||
| 020 | _a966-584-129-7 | ||
| 040 |
_aUA-OsUOA _bukr _cUA-OsUOA _dUA-OsUOA |
||
| 041 | _aukr | ||
| 044 | _aUA | ||
| 080 | _a658.8(075.8) | ||
| 090 |
_a658.8(075.8) _bК78 |
||
| 245 |
_aМаркетинг _bнавчальний посібник _cпід ред. В. І. Крамаренка, Б. І. Холода |
||
| 260 |
_aКиїв _bЦУЛ _c2003 |
||
| 300 | _a258 с. | ||
| 650 | 7 | _2UDC | |
| 942 |
_cBK _2udc |
||
| 955 | _a0 | ||
| 999 |
_c313318 _d313318 |
||